000
00285pam a2200133 a 4500
020
_c
041
_a
eng
100
_a
Srinath L.S.
245
_a
Pert and CPM
_h
Textual Documents
250
_a
1996.
260
_a
New Delhi:
_b
East- West Press.
300
_a
202 Pages.
930
_a
3531
999
_c
80451
_d
80451